Prime office occupancy costs (Record no. 84249)

MARC details
000 -LEADER
fixed length control field 01266cad a22001935a 4500
001 - CONTROL NUMBER
control field L157056
008 - FIXED-LENGTH DATA ELEMENTS--GENERAL INFORMATION
fixed length control field 120824s2012 xxk 000 0 eng d
035 ## - SYSTEM CONTROL NUMBER
System control number (Sirsi) u157056
041 0# - LANGUAGE CODE
Language code of text/sound track or separate title eng
110 2# - MAIN ENTRY--CORPORATE NAME
Corporate name or jurisdiction name as entry element CBRE
245 00 - TITLE STATEMENT
Title Prime office occupancy costs
Remainder of title office markets in transition - July 2012
Medium [electronic resource]
260 ## - PUBLICATION, DISTRIBUTION, ETC.
Place of publication, distribution, etc. [S.l.]
Name of publisher, distributor, etc. CBRE
Date of publication, distribution, etc. 2012
520 ## - SUMMARY, ETC.
Summary, etc. Office markets are moving from contraction to recovery. Of the 133 global office markets tracked, office occupancy costs increased in 80 during Q1 2012 year-over-year, with only 24 markets reporting declines. Office occupancy costs increased by an average 3.6% globally, led by Asia Pacific (7.8%) which has six of the 10 most expensive markets, and the Americas (5.0%) but EMEA only attained a muted 0.4% increase. The most expensive markets and those that reported the largest occupancy cost gains share common characteristics including stronger growth dynamics, resurgent Central Business District locations, diversified economic bases and shortage of quality space.
590 ## - LOCAL NOTE (RLIN)
Local note NTK KA
651 #4 - SUBJECT ADDED ENTRY--GEOGRAPHIC NAME
Geographic name International
690 ## - LOCAL SUBJECT ADDED ENTRY--TOPICAL TERM (OCLC, RLIN)
Topical term or geographic name as entry element Commercial property
9 (RLIN) 6227
856 40 - ELECTRONIC LOCATION AND ACCESS
Uniform Resource Identifier <a href="https://www.cbre.eu/portal/pls/portal/res_rep.show_report?report_id=2082">https://www.cbre.eu/portal/pls/portal/res_rep.show_report?report_id=2082</a>
Public note View the report at www.cbre.eu
942 ## - ADDED ENTRY ELEMENTS (KOHA)
Suppress in OPAC 0
Holdings
Withdrawn status Lost status Source of classification or shelving scheme Damaged status Not for loan Home library Current library Shelving location Date acquired Total Checkouts Full call number Barcode Date last seen Copy number Price effective from Koha item type
    Dewey Decimal Classification     Virtual Virtual Online 25/08/2012   ONLINE PUBLICATION 157056-2001 06/08/2019 1 06/08/2019 Book